Multimediálne služby v prostredí NGN

Enregistré dans:
Détails bibliographiques
Auteur principal: Tomek, Róbert, 1982- (Auteur)
Autres auteurs: Filanová, Jana, 1967- (Directeur de thèse), Mikóczy, Eugen, 1977- (Directeur de thèse)
Format: Manuscrit Livre
Langue:slovaque
Publié: Bratislava : STU v Bratislave FEI, 2007
Sujets:
Tags: Ajouter un tag
Pas de tags, Soyez le premier à ajouter un tag!

MARC

LEADER 00000ntm a22000003a 4500
001 stu144631
005 20160719165042.4
008 070903s2007------------------------slo-d
040 |a STU  |b slo 
041 0 |a slo 
100 1 |a Tomek, Róbert,  |d 1982-  |4 aut  |X 24509  |7 A000024509 
245 1 |a Multimediálne služby v prostredí NGN 
260 |a Bratislava :  |b STU v Bratislave FEI,  |c 2007 
300 |a 54 s 
650 7 |a Telekomunikácie  |2 stusub 
650 7 |a mediálna komunikácia  |2 stusub 
650 7 |a NGN  |2 stusub 
700 1 |a Filanová, Jana,  |d 1967-  |4 ths  |u E240  |U FEI Fakulta elektrotechniky a informatiky  |T FEI Katedra telekomunikácií  |X 1839  |U E240  |Y 72  |7 A000001839 
700 1 |a Mikóczy, Eugen,  |d 1977-  |4 ths  |X 3138  |7 A000003138